Sulla poesia e sui poeti

Spremljeno u:
Bibliografski detalji
Glavni autor: Ferdinando, Luigi
Format: Knjiga
Jezik:engleski
Oznake: Dodaj oznaku
Bez oznaka, Budi prvi tko označuje ovaj zapis!

MARC

LEADER 00000nam a2200000 4500
005 20240724164610.0
008 240724b |||||||| |||| 00| 0 eng d
040 |c GP 
100 |a Ferdinando, Luigi 
245 |a Sulla poesia e sui poeti 
942 |2 ddc  |c BK  |n 0 
952 |0 0  |1 0  |2 ddc  |4 0  |6 851_000000000000000_FER  |7 1  |9 1689  |a RM  |b RM  |d 2024-07-24  |l 0  |o 851 FER  |p 257  |r 2024-07-24 16:46:34  |w 2024-07-24  |y BK 
999 |c 1502  |d 1502